Loading...
| History - American | 0 | 4 | 1 | 3 | 35 | 108 | 116.00 | 0 | 3 | 0.00 | 0.00 |
| History - European | 0 | 4 | 1 | 2 | 35 | 63 | 107.00 | 1 | 1 | 0.00 | 0.00 |
| Social Science | 0 | 3 | 0 | 1 | 30 | 93 | 101.00 | 0 | 1 | 0.00 | 0.00 |
| History - World | 0 | 3 | 0 | 0 | 30 | 44 | 72.33 | 1 | 2 | 0.00 | 0.00 |
| Religion | 0 | 2 | 0 | 1 | 20 | 107 | 121.50 | 0 | 1 | 0.00 | 0.00 |
| History - Other | 0 | 1 | 1 | 0 | 5 | 110 | 110.00 | 0 | 0 | 0.00 | 0.00 |
| Other Academic | 0 | 0 | 0 | 0 | 0 | 0.00 | 0 | 0 | 0.00 | 0.00 | |
| Fine Arts - Other | 0 | 0 | 0 | 0 | 0 | 0.00 | 0 | 0 | 0.00 | 0.00 | |
| Mythology | 0 | 0 | 1 | 0 | -5 | 0.00 | 0 | 0 | 0.00 | 0.00 | |
| Literature - American | 0 | 0 | 1 | 0 | -5 | 0.00 | 0 | 0 | 0.00 | 0.00 | |
| Geography/Current Events | 0 | 0 | 1 | 0 | -5 | 0.00 | 0 | 0 | 0.00 | 0.00 |